| 000 | 01534nam0a2200313 4500 | ||
|---|---|---|---|
| 001 | RU\NLR\bibl\1171270 | ||
| 005 | 20260326130721.0 | ||
| 010 |
_a5-7942-0520-2 _9400 |
||
| 021 |
_aRU _b2007-77799 _94188 |
||
| 035 | _a(NLR Aleph) 001157959 | ||
| 090 |
_a1519185 _c1519185 |
||
| 100 | _a20071224d2006 u y0rusy50 ca | ||
| 101 | 0 | _arus | |
| 102 | _aRU | ||
| 105 | _aa ||||||||| | ||
| 200 | 1 |
_aМатематика _eучебное пособие для общеобразовательных школ экономического профиля _fЕ.С. Волкова _gФедер. гос. образоват. учреждение высш. проф. образования "Фин. акад. при Правительстве Рос. Федерации", Каф. математики и фин. прил. |
|
| 210 |
_aМосква _cФинансовая академия при Правительстве Российской Федерации _d2006 |
||
| 215 |
_a98 с. _cил. _d21 |
||
| 320 | _aБиблиогр.: с. 96-97 (15 назв.) | ||
| 606 | 1 |
_aМатематика _xПреподавание _xПрофильные классы _92222989 _3RU\NLR\AUTH\6601567753 |
|
| 686 | 1 | _aЧ426.24 | |
| 700 | 1 |
_4070 _7ca _8rus _aВолкова _bЕ. С. _cканд. физ.-мат. наук _f1970- _gЕлена Сергеевна _96793 _3RU\NLR\AUTH\7723740 |
|
| 801 | 0 |
_aRU _bNLR _c20071224 _gRCR |
|
| 801 | 1 |
_aRU _bNLR _c20071224 |
|
| 830 | _aавт. по кн. | ||
| 942 | _cBOOK | ||
| 980 | _aNB | ||